| 000 | 00383 a2200145 4500 | ||
|---|---|---|---|
| 999 |
_c5589 _d5589 |
||
| 020 | _a0552548685 | ||
| 050 | _aPR 9346 FIN 2002 | ||
| 100 | _aFine, Anne | ||
| 245 |
_aA Shame to Miss 2 : _bIdeal poems for middle readers / |
||
| 264 |
_aUnited Kingdom: _bDoubleday, _c2002 |
||
| 300 | _a153p. : | ||
| 500 | _apoems | ||
| 650 | _aPoems- Young Readers | ||
| 942 |
_2lcc _cBK _h9346 _iFIN _kPR |
||